The state of the world's land and water resources for food and agriculture : (Record no. 20961)

000 -LEADER
fixed length control field 00702cam a22002174a 4500
020 ## - INTERNATIONAL STANDARD BOOK NUMBER
ISBN 9781849713269 (hbk.)
020 ## - INTERNATIONAL STANDARD BOOK NUMBER
ISBN 9781849713276 (pbk.)
020 ## - INTERNATIONAL STANDARD BOOK NUMBER
ISBN 9789251066140
040 ## - CATALOGING SOURCE
Transcribing agency DLC
082 00 - DEWEY DECIMAL CLASSIFICATION NUMBER
Classification number 338 THE 2011 C131 Or.
245 04 - TITLE STATEMENT
Title The state of the world's land and water resources for food and agriculture :
Remainder of title managing systems at risk.
250 ## - EDITION STATEMENT
Edition statement 1st ed.
260 ## - PUBLICATION, DISTRIBUTION, ETC. (IMPRINT)
Place of publication Milton Park, Abingdon ;
-- New York, NY :
Name of publisher Earthscan,
Year of publication 2011.
300 ## - PHYSICAL DESCRIPTION
Number of Pages xxiii, 285 p. :
Other physical details col. ill., maps ;
Dimensions 27 cm.
650 #0 - SUBJECT ADDED ENTRY--TOPICAL TERM
Topical Term Agricultural productivity.
650 #0 - SUBJECT ADDED ENTRY--TOPICAL TERM
Topical Term Agricultural productivity
650 #0 - SUBJECT ADDED ENTRY--TOPICAL TERM
Topical Term Agricultural ecology.
650 #0 - SUBJECT ADDED ENTRY--TOPICAL TERM
Topical Term Crops and climate.
710 2# - ADDED ENTRY--CORPORATE NAME
Corporate name or jurisdiction name as entry element Earthscan.
942 ## - ADDED ENTRY ELEMENTS (KOHA)
Koha item type ADB
952 ## - LOCATION AND ITEM INFORMATION (KOHA)
Withdrawn status [LOCAL, KOHA] 0
Holdings
Permanent Location Date acquired Koha item type Lost status Shelving location Barcode Current Location Full call number
Library Block C2023-01-23ADB C131a071417Library Block C338 THE 2011 C131 Or.
មជ្ឈមណ្ឌលឯការនៃសាកលវិទ្យាល័យភូមិន្ទកសិកម្មចំការដូង

Powered by Koha